书目信息 |
| 题名: |
有机化学(第二版)上册
|
|
| 作者: | 胡宏纹 主编 | |
| 分册: | ||
| 出版信息: | 北京 高等教育出版社 1997.09 |
|
| 页数: | 397页 | |
| 开本: | 16开 | |
| 丛书名: | ||
| 单 册: | ||
| 中图分类: | O62 | |
| 科图分类: | ||
| 主题词: | 有机化学 | |
| 电子资源: | ||
| ISBN: | 7-04-002713-5 | |
| 000 | 00564nam0 2200193 45 | |
| 001 | 0012181091 | |
| 005 | 20001218104230.7 | |
| 010 | @a7-04-002713-5@d10.80元 | |
| 100 | @a20001218d1997 km y0chiy0120 ea | |
| 101 | 0 | @achi |
| 105 | @a z 000yy | |
| 200 | 1 | @a有机化学(第二版)上册@AYou Ji Hua Xue(Di Er Ban)Shang Ce@f胡宏纹主编@FHu Hong Wen Zhu Bian |
| 210 | @a北京@c高等教育出版社@d1997.09 | |
| 215 | @a397页@d16开 | |
| 606 | 0 | @a有机化学 |
| 690 | @aO62@v3 | |
| 701 | 0 | @a胡宏纹@4主编 |
| 801 | @aCN@bPftUser@c20001218 | |
| 905 | @b308357-359@dO62@eH862=2:2@f3 | |
| 有机化学(第二版)上册/胡宏纹主编.-北京:高等教育出版社,1997.09 |
| 397页;16开 |
| ISBN 7-04-002713-5:10.80元 |
| ● |
| 相关链接 |
|
|
|
正题名:有机化学(第二版)上册
索取号:O62/H862=2:2
 
预约/预借
| 序号 | 登录号 | 条形码 | 馆藏地/架位号 | 状态 | 备注 |
| 1 | 308357 | 203083572 | 自科二线504/504自科库 25排1列3层/ [索取号:O62/H862=2:2] | 在馆 | |
| 2 | 308358 | 203083581 | 材料与化工学院资料室/ [索取号:O62/H862=2:2] | 在馆 | |
| 3 | 308359 | 203083590 | 材料与化工学院资料室/ [索取号:O62/H862=2:2] | 在馆 |